[Event "SLO-ch U16"]
[Site "Sentjur"]
[Date "2005.03.08"]
[Round "9"]
[White "Pucelj, Marko"]
[Black "Hrzica, Rok"]
[Result "0-1"]
[WhiteElo "1683"]
[BlackElo "2191"]
[PlyCount "136"]
[EventDate "2005.02.26"]
[EventType "swiss"]
[EventRounds "9"]
[EventCountry "SLO"]
[SourceTitle "EXT 2008"]
[Source "ChessBase"]
[SourceDate "2007.11.25"]
[SourceVersion "1"]
[SourceVersionDate "2007.11.25"]
[SourceQuality "1"]

1. d4 g6 2. Bf4 Bg7 3. e3 c5 4. c3 d5 5. Nf3 Nc6 6. Nbd2 cxd4 7. exd4 Nf6 8. Bd3 0-0 9. h3 Nh5 10. Bh2 Bh6 11. 0-0 Nf4 12. Bc2 Be6 13. Re1 Qd7 14. Ne5 Nxe5 15. Rxe5 Rac8 16. Re1 Nh5 17. Nf3 Nf6 18. Bd3 Qd8 19. Qb3 Qb6 20. Qxb6 axb6 21. Ne5 Rfd8 22. Re2 Bf8 23. Ree1 Nd7 24. Bb5 Nb8 25. Bf4 Nc6 26. Re3 Bg7 27. Ree1 Bf6 28. Bd3 Na5 29. Re2 Ra8 30. a3 Rdc8 31. Ree1 Nc6 32. Re2 Ra4 33. Bc2 Ra5 34. Bd3 Kg7 35. Rb1 Raa8 36. Ree1 Na5 37. Re2 Rh8 38. Ree1 Rac8 39. Re2 Nc6 40. Ree1 g5 41. Bg3 h5 42. Bc2 Nxd4 43. Bd3 Nc6 44. Nf3 Rhd8 45. Re2 Na5 46. Ree1 Nb3 47. Bc2 Nc5 48. Red1 Ne4 49. Bh2 Nd6 50. Rd2 Nc4 51. Rdd1 g4 52. hxg4 Bxg4 53. Rdc1 Bxf3 54. gxf3 Nd2 55. Ra1 Nxf3+ 56. Kg2 Nh4+ 57. Kf1 Nf3 58. Kg2 Nd2 59. Rd1 Nc4 60. Rab1 e6 61. Bg3 h4 62. Bf4 Kf8 63. Be3 Ke7 64. Bd3 Rg8+ 65. Kh2 Be5+ 66. Kh1 Nxe3 67. fxe3 Rg3 68. Re1 Rcg8 0-1

[Event "SLO-ch U16"]
[Site "Sentjur"]
[Date "2005.03.03"]
[Round "7"]
[White "Pucelj, Marko"]
[Black "Drnovsek, Nejc"]
[Result "1-0"]
[WhiteElo "1683"]
[BlackElo "1500"]
[PlyCount "109"]
[EventDate "2005.02.26"]
[EventType "swiss"]
[EventRounds "9"]
[EventCountry "SLO"]
[SourceTitle "CBM 105 Extra"]
[Source "ChessBase"]
[SourceDate "2005.05.01"]
[SourceVersion "1"]
[SourceVersionDate "2005.05.01"]
[SourceQuality "1"]

1. d4 d5 2. Bf4 c5 3. c3 e6 4. Nf3 Nc6 5. e3 Qb6 6. Qc2 Nf6 7. Nbd2 Bd7 8. Be2 Be7 9. 0-0 0-0 10. h3 Rac8 11. Qb3 Qxb3 12. Nxb3 Ne4 13. Nbd2 Nxd2 14. Nxd2 f6 15. Rad1 e5 16. dxe5 fxe5 17. Bg3 d4 18. cxd4 cxd4 19. Nf3 Bf6 20. Bc4+ Kh8 21. Bb5 Be6 22. Bxc6 bxc6 23. Bxe5 Bxe5 24. Nxe5 dxe3 25. fxe3 Rxf1+ 26. Kxf1 Bxa2 27. Ra1 Bd5 28. Rxa7 Re8 29. Nf7+ Bxf7 30. Rxf7 Kg8 31. Rf3 Rb8 32. Rf2 Rb3 33. Re2 Kf7 34. Ke1 Ke6 35. Kd1 c5 36. Ke1 Ke5 37. Kf2 c4 38. Rc2 Kd5 39. Kf3 g5 40. Rd2+ Ke5 41. Rd4 Rb4 42. b3 Rxb3 43. Rxc4 h5 44. Rc5+ Kf6 45. h4 g4+ 46. Kf4 Kg6 47. Rc2 Rb4+ 48. e4 Rb6 49. Re2 Rb4 50. Ke5 Ra4 51. Kd5 Ra5+ 52. Ke6 Ra6+ 53. Kd7 Ra7+ 54. Ke6 Ra6+ 55. Kd5 1-0

[Event "SLO-ch U16"]
[Site "Sentjur"]
[Date "2005.02.28"]
[Round "3"]
[White "Pucelj, Marko"]
[Black "Hasanagic, Alim"]
[Result "1/2-1/2"]
[WhiteElo "1683"]
[BlackElo "2024"]
[PlyCount "25"]
[EventDate "2005.02.26"]
[EventType "swiss"]
[EventRounds "9"]
[EventCountry "SLO"]
[SourceTitle "CBM 105 Extra"]
[Source "ChessBase"]
[SourceDate "2005.05.01"]
[SourceVersion "1"]
[SourceVersionDate "2005.05.01"]
[SourceQuality "1"]

1. d4 Nf6 2. Bg5 e6 3. Nf3 h6 4. Bf4 c5 5. e3 d5 6. Nbd2 Be7 7. c3 0-0 8. Bd3 Nbd7 9. h3 b6 10. 0-0 Bb7 11. Ne5 Ne4 12. Ndf3 Ndf6 13. Re1 1/2-1/2

[Event "SLO-ch U16"]
[Site "Celje"]
[Date "2004.03.10"]
[Round "9"]
[White "Pucelj, Marko"]
[Black "Debevec, Blaz"]
[Result "0-1"]
[WhiteElo "1564"]
[BlackElo "1623"]
[PlyCount "107"]
[EventDate "2004.02.22"]
[EventType "swiss"]
[EventRounds "9"]
[EventCountry "SLO"]
[SourceTitle "EXT 2008"]
[Source "ChessBase"]
[SourceDate "2007.11.25"]
[SourceVersion "1"]
[SourceVersionDate "2007.11.25"]
[SourceQuality "1"]

1. d4 Nf6 2. Bg5 e6 3. e3 d5 4. Nf3 c5 5. c3 Nc6 6. Bd3 Bd7 7. Nbd2 Be7 8. 0-0 0-0 9. Re1 c4 10. Bc2 b5 11. e4 dxe4 12. Nxe4 Nxe4 13. Bxe7 Nxe7 14. Rxe4 Bc6 15. Rh4 h6 16. Ne5 f6 17. Nxc6 Nxc6 18. Qg4 f5 19. Qg3 Qf6 20. Rh3 e5 21. dxe5 Qxe5 22. Qxe5 Nxe5 23. Rh5 Nd3 24. Bxd3 cxd3 25. Rd1 Rad8 26. Rh3 d2 27. Re3 Rfe8 28. Rxe8+ Rxe8 29. Kf1 a6 30. Rxd2 Re6 31. Re2 Rd6 32. Ke1 Kf7 33. Rd2 Re6+ 34. Kd1 Kf6 35. Kc2 Kg5 36. h3 h5 37. Kb3 Re1 38. a4 Rg1 39. axb5 axb5 40. g3 h4 41. gxh4+ Kxh4 42. Kb4 Kxh3 43. Kxb5 g5 44. c4 g4 45. c5 f4 46. c6 g3 47. fxg3 Kxg3 48. b4 Rc1 49. Kb6 f3 50. b5 f2 51. Rxf2 Kxf2 52. c7 Ke3 53. Kb7 Kd4 54. b6 0-1

[Event "SLO-ch U16"]
[Site "Celje"]
[Date "2004.02.22"]
[Round "1"]
[White "Pucelj, Marko"]
[Black "Lenic, Luka"]
[Result "0-1"]
[WhiteElo "1564"]
[BlackElo "2374"]
[PlyCount "62"]
[EventDate "2004.02.22"]
[EventType "swiss"]
[EventRounds "9"]
[EventCountry "SLO"]
[SourceTitle "EXT 2008"]
[Source "ChessBase"]
[SourceDate "2007.11.25"]
[SourceVersion "1"]
[SourceVersionDate "2007.11.25"]
[SourceQuality "1"]

1. d4 g6 2. Bf4 Bg7 3. e3 d6 4. Nf3 Nf6 5. Bd3 Nh5 6. Bg3 0-0 7. Nbd2 Nd7 8. 0-0 Nxg3 9. hxg3 e5 10. c3 Qe7 11. Re1 f5 12. dxe5 dxe5 13. Bc4+ Kh8 14. Nf1 e4 15. Nd4 Ne5 16. Be2 c5 17. Nb3 Be6 18. Qc2 a5 19. Red1 a4 20. Nbd2 c4 21. b3 b5 22. bxc4 bxc4 23. Rab1 Nd3 24. Bxd3 cxd3 25. Qb2 a3 26. Qa1 Rfc8 27. Rbc1 Rab8 28. Nb1 Rb2 29. Rd2 Rcb8 30. Kh1 Bxa2 31. Kg1 Rxb1 0-1